000 00268nam a22001097a 4500
041 _aeng
080 _a80
100 _aКозовик, І. Я., Шипайло, Л. Д.
245 _aПідручник латинської мови.
650 _aLatin
999 _c279852
_d279852
942 _cBK